Fabrica de cemento para Costa Rica
Gespeichert in:
| 1. Verfasser: | |
|---|---|
| Format: | Unbekannt |
| Veröffentlicht: |
[San José, Costa Rica]
1959
|
| Schlagworte: | |
| Tags: |
Tag hinzufügen
Keine Tags, Fügen Sie den ersten Tag hinzu!
|
MARC
| LEADER | 00000 a2200000 4500 | ||
|---|---|---|---|
| 003 | 011078 | ||
| 005 | 20221231143804.0 | ||
| 008 | 140114s1959 cr a m 000 ||s d | ||
| 040 | |c cru CEDI | ||
| 090 | |a TFG 116 | ||
| 100 | |a Burns Q, Edwin A |9 17282 | ||
| 245 | |a Fabrica de cemento para Costa Rica | ||
| 260 | |c 1959 |a [San José, Costa Rica] | ||
| 300 | |a 202 hojas, láminas, mapas, cuadros, gráficos ; 29 cm | ||
| 500 | |a Tesis (Ingeniero Civil) Universidad de Costa Rica. | ||
| 501 | |a Ed. mimeografiada | ||
| 650 | |x INDUSTRIAS |x CEMENTO |x COSTA RICA |9 17281 | ||
| 942 | |c TFG | ||
| 999 | |c 12010 |d 12010 | ||
